000 00936nam a2200301 i 4500
001 000007403
003 DO-SdBNP
005 20251202111710.0
007 ta
008 090908s1995 dr 001 0 spa d
040 _aDO-SdBNP
_bspa
_cBNPHU
_erda
082 4 _a398.22
_bS944e
_222
100 1 _aSueko
_920568
245 1 0 _aEpopeya de Aumatex /
_cSueko ; ilustración, Jhon López.
264 _aSanto Domingo :
_bBúho.
_c1995.
300 _a87 páginas :
_bilustraciones ;
_c18 cm.
336 _2rdacontent
_atexto
_btxt
337 _2rdamedia
_asin mediación
_bnc
338 _2rdacarrier
_avolumen
_bn
500 _aIncluye notas al pie de las páginas
590 _aInventariado, 2018/VM
650 4 _aTaínos
_91856
650 0 _aIndios de las Antillas
_91049
650 4 _aLeyendas indígenas
_920569
700 1 _aLópez, Jhon,
_eilustración
_920570
910 _aValidado. Control de calidad. MMOLINA
942 _2ddc
_cLBS1
999 _c7184
_d7184